Guess the leader and maknae of the most popular jyp groups - Statistics

General Stats
  • This quiz has been taken 29 times
  • The average score is 5 of 8
Answers on the Grid
Answers color-coded by a green-red scale on the quiz's grid according to % correct below.
Bangchan
Lee know
Changbin
Hyunjin
Han
Felix
Seungmin
I.N
Yeji
Ryujin
Lia
Chaeryeong
Yuna
Nayeon
Jeongyeon
Momo
Sana
Jihyo
Mina
Dahyun
Chaeyoung
Tzuyu
Lily
Haewon
Sullyoon
Bae
Jiwoo
Kyujin
 
Answer Stats
Answer % Correct
Bangchan
93%
Tzuyu
79%
I.N
71%
Jihyo
71%
Yuna
50%
Yeji
43%
Haewon
36%
Kyujin
36%
No matching quizzes found
Score Distribution
Percent of People with Each Score
Percentile by Number Answered
Your Score History
You have not taken this quiz